Las banderas centroamericanas : (Record no. 6331)
[ view plain ]
| 000 -CABECERA | |
|---|---|
| campo de control de longitud fija | 00862cam a2200241 a 4500 |
| 001 - NÚMERO DE CONTROL | |
| campo de control | 000006540 |
| 005 - FECHA Y HORA DE LA ÚLTIMA TRANSACCIÓN | |
| campo de control | 20200929153940.0 |
| 008 - DATOS DE LONGITUD FIJA--INFORMACIÓN GENERAL | |
| campo de control de longitud fija | 780515s1970 cr 001 0 spa |
| 040 ## - FUENTE DE LA CATALOGACIÓN | |
| Centro catalogador/agencia de origen | DO-SdBNP |
| Lengua de catalogación | spa |
| Centro/agencia transcriptor | BNPHU |
| 082 ## - NÚMERO DE LA CLASIFICACIÓN DECIMAL DEWEY | |
| Número de clasificación | 929.9 |
| Número de documento/Ítem | F395b |
| 100 1# - ENTRADA PRINCIPAL--NOMBRE DE PERSONA | |
| Nombre de persona | Ferro, Carlos A. |
| 9 (RLIN) | 16768 |
| 245 14 - MENCIÓN DE TÍTULO | |
| Título | Las banderas centroamericanas : |
| Resto del título | su inspiración en el pabellón argentino / |
| Mención de responsabilidad, etc. | Carlos A. Ferro ; prólogo Jorge Fidel Durón. |
| 260 ## - PUBLICACIÓN, DISTRIBUCIÓN, ETC. | |
| Lugar de publicación, distribución, etc. | San José, Costa Rica : |
| Nombre del editor, distribuidor, etc. | Centroamericana, |
| Fecha de publicación, distribución, etc. | 1970. |
| 300 ## - DESCRIPCIÓN FÍSICA | |
| Extensión | 186 p. ; |
| Dimensiones | 20 cm. |
| 490 1# - MENCIÓN DE SERIE | |
| Mención de serie | Temas |
| 650 #4 - PUNTO DE ACCESO ADICIONAL DE MATERIA--TÉRMINO DE MATERIA | |
| Término de materia o nombre geográfico como elemento de entrada | Heráldica |
| 9 (RLIN) | 2728 |
| 650 #4 - PUNTO DE ACCESO ADICIONAL DE MATERIA--TÉRMINO DE MATERIA | |
| Término de materia o nombre geográfico como elemento de entrada | Banderas |
| Subdivisión general | Historia |
| Subdivisión geográfica | Guatemala |
| 9 (RLIN) | 18160 |
| 650 #4 - PUNTO DE ACCESO ADICIONAL DE MATERIA--TÉRMINO DE MATERIA | |
| Término de materia o nombre geográfico como elemento de entrada | Banderas |
| Subdivisión geográfica | Costa Rica |
| 9 (RLIN) | 18161 |
| 650 #4 - PUNTO DE ACCESO ADICIONAL DE MATERIA--TÉRMINO DE MATERIA | |
| Término de materia o nombre geográfico como elemento de entrada | Banderas |
| Subdivisión general | Historia |
| Subdivisión geográfica | Honduras |
| 9 (RLIN) | 18162 |
| 650 #4 - PUNTO DE ACCESO ADICIONAL DE MATERIA--TÉRMINO DE MATERIA | |
| Término de materia o nombre geográfico como elemento de entrada | Emblema nacional |
| Subdivisión geográfica | América Latina |
| Subdivisión general | Historia |
| -- | Fuentes |
| 9 (RLIN) | 18163 |
| 700 1# - PUNTO DE ACCESO ADICIONAL--NOMBRE DE PERSONA | |
| Nombre de persona | Durón, Jorge Fidel, |
| Término indicativo de función/relación | pról. |
| 9 (RLIN) | 18164 |
| 830 #0 - PUNTO DE ACCESO ADICIONAL DE SERIE-TÍTULO UNIFORME | |
| Título uniforme | Temas |
| 9 (RLIN) | 9064 |
| Estado de retiro | Estado de pérdida | Restricciones de uso | No para préstamo | Código de colección | Localización permanente | Ubicación/localización actual | Ubicación en estantería | Fecha de adquisición | Número de inventario | Total de préstamos | Signatura topográfica completa | Código de barras | Fecha visto por última vez | Precio válido a partir de | Tipo de ítem Koha |
|---|---|---|---|---|---|---|---|---|---|---|---|---|---|---|---|
| Excluido de préstamo | Monografías: Libros y Folletos | General | General | Depósito | 31.08.2009 | LF1 | 929.9 F395b | 6540-10 | 25.06.2020 | 25.06.2020 | No se presta |
